Govt. of
Madhya Pradesh

Historical documents & history (Record no. 69022)

MARC details
000 -LEADER
fixed length control field 00258nam a22001097a 4500
082 ## - DEWEY DECIMAL CLASSIFICATION NUMBER
Classification number 900/MAT
100 ## - MAIN ENTRY--AUTHOR NAME
Personal name Mathur,Dr. Anuradha
245 ## - TITLE STATEMENT
Title Historical documents & history
260 ## - PUBLICATION, DISTRIBUTION, ETC. (IMPRINT)
Place of publication Jodhpur
Name of publisher Books treasure
Year of publication 2017
650 ## - SUBJECT ADDED ENTRY--TOPICAL TERM
Topical Term History
942 ## - ADDED ENTRY ELEMENTS (KOHA)
Koha item type Books
Holdings
Withdrawn status Lost status Damaged status Not for loan Home library Current library Date acquired Cost, normal purchase price Full call number Accession Number Price effective from Koha item type
        MACL MACL 09/04/2026 900.00 900/MAT CRE040454 09/04/2026 Books